独立リーグのチームを覚えよう。 - Statistics

General Stats
  • This quiz has been taken 83 times
  • The average score is 8 of 25
Answer Stats
Answer % Correct
徳島インディゴソックス
85%
高知ファイティングドッグス
79%
四国アイランドリーグ 愛媛マンダリンパイレーツ
66%
香川オリーブガイナーズ
66%
栃木ゴールデンブレーブス
59%
埼玉武蔵ヒートベアーズ
51%
日本海リーグ 石川ミリオンスターズ
51%
群馬ダイヤモンドペガサス
38%
ルートインBCリーグ 茨城アストロプラネッツ
36%
火の国サラマンダーズ
36%
福島レッドホープス
31%
神奈川フューチャードリームス
26%
信濃グランセローズ
21%
堺シュライクス
20%
富山GRNサンダーバーズ
20%
ヤマエグループ九州アジアリーグ 大分B-リングス
15%
美唄ブラックダイヤモンズ
10%
北九州下関フェニックス
8%
兵庫ブレイバーズ
7%
KAMIKAWA・士別サムライブレイズ
7%
宮崎サンシャインズ
5%
北海道フロンティアリーグ 石狩レッドフェニックス
5%
さわかみ関西独立リーグ 大阪ゼロロクブルズ
5%
姫路イーグレッターズ
3%
和歌山ウェイブス
3%
No matching quizzes found
Score Distribution
Percent of People with Each Score
Percentile by Number Answered
Your Score History
You have not taken this quiz